000 00397nam a22001457a 4500
008 211026b ||||| |||| 00| 0 eng d
020 _a0860918963
050 _aB29.F448 1987
100 _aFeyerabend, Paul
_950586
245 _aFarewell to reason
_c/by Paul, Feyerabend
260 _aLondon:
_bVerso,
_cc1987.
300 _aviii,327p.;
_c22cm.
650 _aPhilosophy
942 _2lcc
_cMONOGRAPH
999 _c130940
_d130940